[Event "15th Bosna it"]
[Site "Sarajevo YUG"]
[Date "1972.03.20"]
[Round "1"]
[White "Szabo, Laszlo"]
[Black "Keres, Paul"]
[Result "1/2-1/2"]
[WhiteElo "2525"]
[BlackElo "2615"]
[EventDate "1972.03.20"]
[PlyCount "29"]
[Source "Perpetual Check"]

1.d4 d5 2.c4 e6 3.Nf3 Nf6 4.Nc3 Be7 5.cxd5 exd5 6.Bg5 c6 7.Qc2 Na6 8.a3 g6
9.e3 Bf5 10.Bd3 Bxd3 11.Qxd3 O-O 12.Bxf6 Bxf6 13.O-O Nc7 14.Rfc1 Ne6 15.
Na4 1/2-1/2

[Event "15th Bosna it"]
[Site "Sarajevo YUG"]
[Date "1972.03.20"]
[Round "1"]
[White "Hort, Vlastimil"]
[Black "Jansa, Vlastimil"]
[Result "1/2-1/2"]
[WhiteElo "2605"]
[BlackElo "2450"]
[EventDate "1972.03.20"]
[PlyCount "35"]
[Source "Perpetual Check"]

1.e4 e5 2.Nf3 Nc6 3.Bb5 a6 4.Ba4 Nf6 5.O-O Be7 6.Re1 b5 7.Bb3 d6 8.c3 O-O 
9.h3 Nb8 10.d4 Nbd7 11.c4 c6 12.cxb5 axb5 13.Nc3 Ba6 14.Bg5 h6 15.dxe5 
Nxe5 16.Nxe5 dxe5 17.Bxf6 Bxf6 18.Qh5 1/2-1/2

[Event "15th Bosna it"]
[Site "Sarajevo YUG"]
[Date "1972.03.20"]
[Round "1"]
[White "Bogdanovic, Rajko"]
[Black "Bukal, Vladimir"]
[Result "1/2-1/2"]
[WhiteElo "2435"]
[BlackElo "2440"]
[EventDate "1972.03.20"]
[PlyCount "39"]
[Source "Perpetual Check"]

1.e4 e6 2.d4 d5 3.Nc3 Bb4 4.e5 c5 5.a3 Bxc3+ 6.bxc3 Ne7 7.Nf3 Qa5 8.Qd2 
Nbc6 9.Bd3 Bd7 10.a4 f6 11.exf6 gxf6 12.dxc5 e5 13.Be2 O-O-O 14.O-O h5 15.
Re1 h4 16.c4 Bf5 17.Qxa5 Nxa5 18.cxd5 Nxd5 19.Bd2 Nc6 20.c3 1/2-1/2

[Event "15th Bosna it"]
[Site "Sarajevo YUG"]
[Date "1972.03.20"]
[Round "1"]
[White "Matulovic, Milan"]
[Black "Minic, Dragoljub"]
[Result "1/2-1/2"]
[WhiteElo "2530"]
[BlackElo "2490"]
[EventDate "1972.03.20"]
[PlyCount "26"]
[Source "Perpetual Check"]

1.e4 c5 2.Nf3 d6 3.d4 cxd4 4.Nxd4 Nf6 5.Nc3 a6 6.Bg5 e6 7.f4 Nbd7 8.Qf3 
Qc7 9.O-O-O b5 10.e5 Bb7 11.Qh3 dxe5 12.Nxe6 fxe6 13.Qxe6+ Be7 1/2-1/2

[Event "15th Bosna it"]
[Site "Sarajevo YUG"]
[Date "1972.03.20"]
[Round "1"]
[White "Petrosian, Tigran"]
[Black "Vukic, Milan"]
[Result "1/2-1/2"]
[WhiteElo "2640"]
[BlackElo "2430"]
[EventDate "1972.03.20"]
[PlyCount "46"]
[Source "Perpetual Check"]

1.d4 Nf6 2.c4 g6 3.Nc3 Bg7 4.e4 d6 5.f3 O-O 6.Nge2 c5 7.Be3 b6 8.Qd2 Nc6 
9.d5 Ne5 10.Ng3 e6 11.Bg5 exd5 12.Nxd5 Be6 13.Be2 Bxd5 14.cxd5 a6 15.h4 b5
16.h5 Re8 17.Kf1 Qb6 18.Rc1 Nfd7 19.b3 Nf8 20.Bh6 Bxh6 21.Qxh6 Qd8 22.Rh3 
Qf6 23.Nf5 Ned7 1/2-1/2

[Event "15th Bosna it"]
[Site "Sarajevo YUG"]
[Date "1972.03.20"]
[Round "1"]
[White "Tatai, Stefano"]
[Black "Rajkovic, Dusan"]
[Result "1/2-1/2"]
[WhiteElo "2440"]
[BlackElo "2410"]
[EventDate "1972.03.20"]
[PlyCount "108"]
[Source "Perpetual Check"]

1.d4 Nf6 2.c4 e6 3.Nf3 c5 4.d5 exd5 5.cxd5 d6 6.Nc3 g6 7.g3 Bg7 8.Bg2 O-O 
9.O-O Re8 10.Nd2 a6 11.a4 Nbd7 12.h3 Rb8 13.Nc4 Nb6 14.Ne3 Nbd7 15.Rb1 Qc7
16.Bd2 Nh5 17.Kh2 f5 18.f4 b5 19.Qc1 b4 20.Ncd1 Ndf6 21.Nf2 Bb7 22.Bf3 Re7
23.Qc4 Rbe8 24.g4 Nxf4 25.Nxf5 gxf5 26.Bxf4 Bc8 27.b3 a5 28.Rbe1 fxg4 29.
hxg4 Nd7 30.Kg2 Bc3 31.Rd1 Be5 32.e3 Rf7 33.Nh3 Bf6 34.Qb5 Ref8 35.g5 Nb8 
36.Bh5 Rg7 37.Kh2 Bc3 38.Bg3 Rxf1 39.Rxf1 Nd7 40.Qc6 Qxc6 41.dxc6 Ne5 42.
Rd1 Bg4 43.Bxg4 Nxg4+ 44.Kh1 Be5 45.Bxe5 Nxe5 46.Rxd6 Rc7 47.Rd5 c4 48.
bxc4 Nxc4 49.Rc5 b3 50.Nf4 b2 51.Rb5 Rxc6 52.Nd3 Kg7 53.Nxb2 Nxb2 54.Rxb2 
Rc4 1/2-1/2

[Event "15th Bosna it"]
[Site "Sarajevo YUG"]
[Date "1972.03.21"]
[Round "2"]
[White "Minic, Dragoljub"]
[Black "Gasic, Bozidar"]
[Result "1/2-1/2"]
[WhiteElo "2490"]
[BlackElo "2330"]
[EventDate "1972.03.20"]
[PlyCount "49"]
[Source "Perpetual Check"]

1.e4 d6 2.d4 Nf6 3.Nc3 g6 4.f4 Bg7 5.e5 dxe5 6.dxe5 Qxd1+ 7.Kxd1 Ng4 8.Ke1
Be6 9.h3 Nh6 10.g4 Nc6 11.Bb5 O-O-O 12.Bxc6 bxc6 13.Be3 f6 14.exf6 Bxf6 
15.Nf3 Nf7 16.Bxa7 Nd6 17.Bd4 Nc4 18.Bxf6 exf6 19.b3 Ne3 20.Kf2 Nxc2 21.
Rad1 Nb4 22.Ne4 f5 23.Nc5 Bd5 24.gxf5 Rhf8 25.Ne6 1/2-1/2

[Event "15th Bosna it"]
[Site "Sarajevo YUG"]
[Date "1972.03.21"]
[Round "2"]
[White "Bukal, Vladimir"]
[Black "Matulovic, Milan"]
[Result "1/2-1/2"]
[WhiteElo "2440"]
[BlackElo "2530"]
[EventDate "1972.03.20"]
[PlyCount "48"]
[Source "Perpetual Check"]

1.c4 g6 2.Nc3 Bg7 3.Nf3 e5 4.d4 exd4 5.Nxd4 Nc6 6.Nxc6 bxc6 7.g3 Ne7 8.Bg2
O-O 9.O-O Rb8 10.Qa4 a6 11.Rd1 c5 12.Qc2 d6 13.b3 Bd7 14.Bb2 Nc6 15.Bxc6 
Bxc6 16.Nd5 Bxb2 17.Qxb2 f5 18.e3 a5 19.Qc3 a4 20.h4 Rb7 21.Rd2 Kf7 22.Kf1
Re8 23.Rb1 Re4 24.f3 Rxc4 1/2-1/2

[Event "15th Bosna it"]
[Site "Sarajevo YUG"]
[Date "1972.03.22"]
[Round "3"]
[White "Matulovic, Milan"]
[Black "Jansa, Vlastimil"]
[Result "1-0"]
[WhiteElo "2530"]
[BlackElo "2450"]
[EventDate "1972.03.20"]
[PlyCount "125"]
[Source "Perpetual Check"]

1.e4 d6 2.d4 Nf6 3.Nc3 g6 4.f4 Bg7 5.Nf3 O-O 6.Bd3 Nc6 7.e5 dxe5 8.dxe5 
Nd5 9.Bd2 Ncb4 10.Be4 c6 11.Nxd5 cxd5 12.Bxb4 dxe4 13.Qxd8 Rxd8 14.Nd2 e3 
15.Nb3 Bf5 16.c3 Rd7 17.Bc5 Be4 18.Rg1 b6 19.Bxe3 f6 20.exf6 exf6 21.Kf2 
Kf7 22.Rgd1 Rad8 23.Rxd7+ Rxd7 24.a4 Bd5 25.Nd2 f5 26.Nf3 Bc6 27.a5 b5 28.
Ng5+ Kg8 29.a6 Bf6 30.Ne6 Kf7 31.Nc5 Rc7 32.Bd4 Be7 33.Nd3 Be4 34.Ne5+ Ke6
35.Ra5 b4 36.Nf3 bxc3 37.bxc3 Bf6 38.Bxf6 Kxf6 39.Ra3 Bxf3 40.Kxf3 Ke6 41.
Ke3 Kd5 42.Kd3 Kc5 43.Rb3 Rd7+ 44.Ke3 Re7+ 45.Kf2 Re6 46.Rb7 Rxa6 47.Rxh7 
Kc4 48.Rc7+ Kd3 49.Kf3 Ra3 50.g4 fxg4+ 51.Kxg4 Rxc3 52.Rxa7 Rc1 53.Rd7+ 
Ke4 54.Re7+ Kd4 55.Re5 Rg1+ 56.Kf3 Rf1+ 57.Kg3 Rg1+ 58.Kf2 Ra1 59.Re6 Ra3 
60.Kg2 Ra2+ 61.Kf3 Kd5 62.Rxg6 Rxh2 63.Kg4 1-0

[Event "15th Bosna it"]
[Site "Sarajevo YUG"]
[Date "1972.03.22"]
[Round "3"]
[White "Gasic, Bozidar"]
[Black "Bukal, Vladimir"]
[Result "1/2-1/2"]
[WhiteElo "2330"]
[BlackElo "2440"]
[EventDate "1972.03.20"]
[PlyCount "36"]
[Source "Perpetual Check"]

1.c4 c5 2.Nc3 Nc6 3.g3 g6 4.Bg2 Bg7 5.Nf3 e6 6.e3 Nge7 7.O-O O-O 8.d4 cxd4
9.Nxd4 Nxd4 10.exd4 d5 11.cxd5 Nxd5 12.Nxd5 exd5 13.Qb3 Bxd4 14.Bh6 Bg7 
15.Bxg7 Kxg7 16.Bxd5 Rb8 17.Rad1 Qf6 18.Rfe1 Bg4 1/2-1/2

[Event "15th Bosna it"]
[Site "Sarajevo YUG"]
[Date "1972.03.22"]
[Round "3"]
[White "Petrosian, Tigran"]
[Black "Minic, Dragoljub"]
[Result "1-0"]
[WhiteElo "2640"]
[BlackElo "2490"]
[EventDate "1972.03.20"]
[PlyCount "59"]
[Source "Perpetual Check"]

1.c4 g6 2.d4 Bg7 3.Nc3 c5 4.d5 d6 5.e4 Nf6 6.Bd3 O-O 7.Bg5 h6 8.Bd2 e6 9.
h3 exd5 10.exd5 Re8+ 11.Nge2 a6 12.a4 Nfd7 13.f4 Qh4+ 14.Kf1 b6 15.Qe1 Qd8
16.g4 a5 17.Qg3 Nf6 18.f5 Nbd7 19.fxg6 fxg6 20.Bxg6 Rf8 21.Kg2 Ne5 22.Bd3 
Ra7 23.Nf4 Raf7 24.Be2 Nh7 25.Rhf1 Nf6 26.Rae1 Re7 27.b3 Rfe8 28.Bd1 Nf7 
29.Rxe7 Rxe7 30.Be2 1-0

[Event "15th Bosna it"]
[Site "Sarajevo YUG"]
[Date "1972.03.22"]
[Round "3"]
[White "Tatai, Stefano"]
[Black "Vukic, Milan"]
[Result "1/2-1/2"]
[WhiteElo "2440"]
[BlackElo "2430"]
[EventDate "1972.03.20"]
[PlyCount "110"]
[Source "Perpetual Check"]

1.d4 Nf6 2.c4 g6 3.Nc3 Bg7 4.e4 d6 5.Be2 O-O 6.Bg5 c5 7.d5 a6 8.a4 Qa5 9.
Bd2 e6 10.Nf3 exd5 11.exd5 Bg4 12.O-O Qc7 13.h3 Bxf3 14.Bxf3 Nbd7 15.Qc2 
Rfe8 16.Rae1 Re5 17.Rxe5 Nxe5 18.Be2 Re8 19.g4 h6 20.f4 Ned7 21.Qd3 Nh7 
22.Bd1 Qd8 23.Kg2 Re7 24.Bc2 Ndf6 25.Re1 Rxe1 26.Bxe1 Nf8 27.Qe2 N8d7 28.
Bd2 Kf8 29.b3 Qe7 30.Qxe7+ Kxe7 31.a5 Ne8 32.Ne2 Bb2 33.Ng3 Ba3 34.f5 g5 
35.f6+ Kxf6 36.Bc3+ Ke7 37.Nf5+ Kf8 38.Nxh6 Bb4 39.Bxb4 cxb4 40.Nf5 Nc5 
41.Kf3 f6 42.Ke3 Kf7 43.Kd4 Nd7 44.Ng3 Ke7 45.Ne2 Nc7 46.Bf5 Nc5 47.Nc1 
Na8 48.Bc2 b6 49.Nd3 Nxd3 50.Bxd3 bxa5 51.c5 Nc7 52.c6 a4 53.bxa4 a5 54.
Bc4 Na8 55.Bb3 Nb6 1/2-1/2

[Event "15th Bosna it"]
[Site "Sarajevo YUG"]
[Date "1972.03.23"]
[Round "4"]
[White "Vukic, Milan"]
[Black "Rajkovic, Dusan"]
[Result "1-0"]
[WhiteElo "2430"]
[BlackElo "2410"]
[EventDate "1972.03.20"]
[PlyCount "113"]
[Source "Perpetual Check"]

1.Nf3 c5 2.g3 Nc6 3.Bg2 g6 4.O-O Bg7 5.c4 e5 6.Nc3 Nge7 7.d3 O-O 8.a3 d5 
9.cxd5 Nxd5 10.Nxd5 Qxd5 11.Be3 Qd6 12.Nd2 b6 13.b4 cxb4 14.axb4 Bb7 15.
Qa4 e4 16.b5 Ne7 17.Rac1 Nd5 18.Nxe4 Qd7 19.Bd4 Nf4 20.gxf4 Bxd4 21.e3 Bg7
22.Qb3 h5 23.d4 Rfe8 24.Rc6 Bxc6 25.bxc6 Qxc6 26.Ng5 Qd7 27.Nxf7 Kh7 28.
Ng5+ Kh6 29.Bh3 Qc7 30.d5 Bf8 31.Rd1 Bd6 32.Be6 Re7 33.Qb2 Rf8 34.Rc1 Bc5 
35.Ne4 Qb8 36.Qb5 Qe8 37.Qxe8 Rfxe8 38.Nxc5 bxc5 39.Rxc5 Ra8 40.Ra5 Rb8 
41.Kg2 Kg7 42.h4 Rb6 43.e4 Rb4 44.f3 Rb2+ 45.Kg3 Rd2 46.f5 Rb7 47.e5 gxf5 
48.Bxf5 Rdb2 49.d6 Rd2 50.Be4 Rd7 51.Bc6 Rf7 52.Bd5 Rd7 53.Kf4 Rd4+ 54.Kg5
Kf8 55.Be4 Rd1 56.Bg6 Rg1+ 57.Kf6 1-0

[Event "15th Bosna it"]
[Site "Sarajevo YUG"]
[Date "1972.03.23"]
[Round "4"]
[White "Jansa, Vlastimil"]
[Black "Gasic, Bozidar"]
[Result "1-0"]
[WhiteElo "2450"]
[BlackElo "2330"]
[EventDate "1972.03.20"]
[PlyCount "65"]
[Source "Perpetual Check"]

1.Nf3 c5 2.c4 Nf6 3.d4 cxd4 4.Nxd4 Nc6 5.Nc3 g6 6.e4 Nxd4 7.Qxd4 d6 8.f3 
Bg7 9.Be3 O-O 10.Qd2 Qa5 11.Rc1 Be6 12.Nd5 Qxa2 13.Nxe7+ Kh8 14.Be2 Rfe8 
15.Nd5 Bxd5 16.cxd5 Rac8 17.O-O a6 18.Ra1 Qb3 19.Bd3 Nd7 20.Rfb1 a5 21.
Rxa5 Ra8 22.Rb5 Qa2 23.Rxb7 Nc5 24.Rxf7 Reb8 25.Bc2 Kg8 26.Rc7 Na6 27.Rd7 
Nc5 28.Rxd6 Rxb2 29.Rxb2 Qxb2 30.Bxc5 Ra1+ 31.Kf2 Rc1 32.Rd8+ Kf7 33.Qf4+ 
1-0

[Event "15th Bosna it"]
[Site "Sarajevo YUG"]
[Date "1972.03.23"]
[Round "4"]
[White "Hort, Vlastimil"]
[Black "Bogdanovic, Rajko"]
[Result "1-0"]
[WhiteElo "2605"]
[BlackElo "2435"]
[EventDate "1972.03.20"]
[PlyCount "75"]
[Source "Perpetual Check"]

1.d4 Nf6 2.c4 g6 3.Nc3 Bg7 4.e4 d6 5.Nf3 O-O 6.Be2 e5 7.d5 a5 8.Bg5 h6 9.
Bh4 Na6 10.Nd2 Bd7 11.O-O Qe8 12.b3 Nh7 13.a3 h5 14.f3 Bh6 15.Bf2 Qe7 16.
Qc2 f5 17.Rab1 Nc5 18.b4 axb4 19.axb4 Na4 20.Nxa4 Bxa4 21.Qc3 Bd7 22.c5 
Ra2 23.Rb2 Rfa8 24.Qc2 Rxb2 25.Qxb2 Nf6 26.Bd3 Kg7 27.h3 fxe4 28.fxe4 Nh7 
29.Nc4 Rf8 30.Bg3 Rxf1+ 31.Kxf1 Kg8 32.b5 h4 33.Bf2 Bg7 34.b6 dxc5 35.bxc7
b5 36.Nb6 c4 37.Bxc4 bxc4 38.Nxd7 1-0

[Event "15th Bosna it"]
[Site "Sarajevo YUG"]
[Date "1972.03.25"]
[Round "5"]
[White "Bogdanovic, Rajko"]
[Black "Keres, Paul"]
[Result "0-1"]
[WhiteElo "2435"]
[BlackElo "2615"]
[EventDate "1972.03.20"]
[PlyCount "70"]
[Source "Perpetual Check"]

1.e4 e5 2.Nf3 Nc6 3.Bb5 a6 4.Ba4 d6 5.O-O Bd7 6.d4 Nf6 7.Re1 b5 8.Bb3 Nxd4
9.Nxd4 exd4 10.c3 dxc3 11.Nxc3 Be7 12.f4 O-O 13.Qf3 b4 14.Ne2 d5 15.Bxd5 
Bc5+ 16.Kh1 c6 17.Bc4 Bg4 18.Qd3 Qxd3 19.Bxd3 Rfd8 20.Bc2 Bf2 21.Rf1 Bxe2 
22.Rxf2 Bd3 23.Bxd3 Rxd3 24.g3 Nxe4 25.Rc2 c5 26.b3 Rd1+ 27.Kg2 Rad8 28.a3
Nd2 29.Raa2 Nxb3 30.Be3 R1d3 31.Kf2 h5 32.axb4 cxb4 33.Rxa6 Nd2 34.Rb6 
Ne4+ 35.Kf3 Nc3 0-1

[Event "15th Bosna it"]
[Site "Sarajevo YUG"]
[Date "1972.03.25"]
[Round "5"]
[White "Gasic, Bozidar"]
[Black "Szabo, Laszlo"]
[Result "0-1"]
[WhiteElo "2330"]
[BlackElo "2525"]
[EventDate "1972.03.20"]
[PlyCount "100"]
[Source "Perpetual Check"]

1.d4 Nf6 2.Nf3 b6 3.Bf4 Bb7 4.Nbd2 g6 5.e3 Bg7 6.h3 O-O 7.Bd3 c5 8.c3 d6 
9.Qe2 Nc6 10.O-O Qc7 11.Ba6 Bxa6 12.Qxa6 e5 13.dxe5 dxe5 14.Bh2 Rad8 15.
Rad1 Rd5 16.e4 Rd7 17.Qe2 Rfd8 18.Rfe1 Qd6 19.Rb1 Nh5 20.Nf1 Qe6 21.a3 Nf4
22.Qc2 Nd3 23.Re2 c4 24.Ne3 Bh6 25.Ng4 Bf8 26.Rf1 h5 27.Ne3 Bh6 28.Nd2 b5 
29.a4 a6 30.axb5 axb5 31.b3 Nf4 32.Bxf4 exf4 33.Nd1 cxb3 34.Nxb3 f3 35.
Ree1 Qf6 36.Ne3 Qh4 37.Nd5 Qg5 38.g3 h4 39.Kh2 Bg7 40.Rg1 hxg3+ 41.fxg3 
Ne5 42.Rgf1 Qh5 43.Kg1 Qxh3 44.Qh2 Qxh2+ 45.Kxh2 f5 46.Nc5 Ra7 47.Ne6 Rd6 
48.Nxg7 Kxg7 49.Nb4 Rd2+ 50.Kg1 Ra8 0-1

[Event "15th Bosna it"]
[Site "Sarajevo YUG"]
[Date "1972.03.25"]
[Round "5"]
[White "Petrosian, Tigran"]
[Black "Jansa, Vlastimil"]
[Result "1/2-1/2"]
[WhiteElo "2640"]
[BlackElo "2450"]
[EventDate "1972.03.20"]
[PlyCount "54"]
[Source "Perpetual Check"]

1.c4 g6 2.e4 c5 3.Nf3 Nc6 4.d4 cxd4 5.Nxd4 Nf6 6.Nc3 d6 7.f3 Nxd4 8.Qxd4 
Bg7 9.Be3 O-O 10.Qd2 Qa5 11.Rc1 Be6 12.Be2 Rfc8 13.b3 a6 14.Na4 Qxd2+ 15.
Kxd2 Nd7 16.Rhd1 Rab8 17.Nc3 f5 18.exf5 gxf5 19.Ke1 Bxc3+ 20.Rxc3 b5 21.
Bd4 bxc4 22.Rdc1 Nc5 23.Bxc5 Rxc5 24.Bxc4 Re5+ 25.Kf2 Kf7 26.Bxe6+ Rxe6 
27.Rc4 Rb5 1/2-1/2

[Event "15th Bosna it"]
[Site "Sarajevo YUG"]
[Date "1972.03.25"]
[Round "5"]
[White "Tatai, Stefano"]
[Black "Minic, Dragoljub"]
[Result "1/2-1/2"]
[WhiteElo "2440"]
[BlackElo "2490"]
[EventDate "1972.03.20"]
[PlyCount "32"]
[Source "Perpetual Check"]

1.e4 e5 2.Nf3 Nc6 3.Bb5 a6 4.Bxc6 dxc6 5.O-O f6 6.d4 Bg4 7.dxe5 Qxd1 8.
Rxd1 Bxf3 9.gxf3 fxe5 10.Be3 Nf6 11.Nd2 O-O-O 12.Nc4 Rxd1+ 13.Rxd1 Nd7 14.
Kf1 Be7 15.Ke2 Rf8 16.Rg1 g6 1/2-1/2

[Event "15th Bosna it"]
[Site "Sarajevo YUG"]
[Date "1972.03.26"]
[Round "6"]
[White "Keres, Paul"]
[Black "Vukic, Milan"]
[Result "1/2-1/2"]
[WhiteElo "2615"]
[BlackElo "2430"]
[EventDate "1972.03.20"]
[PlyCount "56"]
[Source "Perpetual Check"]

1.e4 c6 2.c4 d5 3.exd5 cxd5 4.cxd5 a6 5.Nc3 Nf6 6.Qb3 g6 7.Nge2 Bg7 8.Nf4 
O-O 9.Be2 Nbd7 10.O-O b5 11.d3 Rb8 12.Be3 Nb6 13.Bf3 Bb7 14.Rfe1 Re8 15.
Rac1 Ba8 16.a3 Qd7 17.Rc2 g5 18.Nh5 g4 19.Nxf6+ exf6 20.Be2 f5 21.Rec1 Be5
22.Qb4 f4 23.Bc5 Nxd5 24.Nxd5 Qxd5 25.Bf1 Re6 26.Ba7 Rbe8 27.Rc8 Bb7 28.
Rxe8+ Rxe8 1/2-1/2

[Event "15th Bosna it"]
[Site "Sarajevo YUG"]
[Date "1972.03.26"]
[Round "6"]
[White "Szabo, Laszlo"]
[Black "Petrosian, Tigran"]
[Result "1/2-1/2"]
[WhiteElo "2525"]
[BlackElo "2640"]
[EventDate "1972.03.20"]
[PlyCount "29"]
[Source "Perpetual Check"]

1.d4 Nf6 2.c4 c5 3.d5 d6 4.Nc3 g6 5.e4 Bg7 6.Nge2 O-O 7.Ng3 e6 8.Be2 exd5 
9.cxd5 a6 10.a4 Re8 11.Bf4 Qc7 12.Qd2 Nbd7 13.O-O b6 14.Bh6 Bh8 15.h3 
1/2-1/2

[Event "15th Bosna it"]
[Site "Sarajevo YUG"]
[Date "1972.03.26"]
[Round "6"]
[White "Bogdanovic, Rajko"]
[Black "Matulovic, Milan"]
[Result "0-1"]
[WhiteElo "2435"]
[BlackElo "2530"]
[EventDate "1972.03.20"]
[PlyCount "68"]
[Source "Perpetual Check"]

1.e4 c5 2.Nf3 Nc6 3.d4 cxd4 4.Nxd4 Qc7 5.Nc3 e6 6.Be2 a6 7.f4 b5 8.Nxc6 
Qxc6 9.Bf3 Bb7 10.e5 Qc7 11.Be3 Bb4 12.O-O Bxc3 13.bxc3 Ne7 14.Bxb7 Qxb7 
15.a4 Nf5 16.Bf2 O-O 17.Qd3 Qc6 18.Rfd1 h5 19.h3 Rfc8 20.Ra3 bxa4 21.Qxd7 
Qe4 22.Qd2 Rc4 23.g3 Rac8 24.Re1 Qc6 25.Rea1 Rc7 26.Rxa4 Rxa4 27.Rxa4 Rd7 
28.Rxa6 Qb7 29.Rb6 Qc7 30.Qe2 Nxg3 31.Qf3 h4 32.Qc6 Ne2+ 33.Kh2 Nxf4 34.
Qxc7 Rxc7 0-1

[Event "15th Bosna it"]
[Site "Sarajevo YUG"]
[Date "1972.03.27"]
[Round "7"]
[White "Gasic, Bozidar"]
[Black "Bogdanovic, Rajko"]
[Result "1/2-1/2"]
[WhiteElo "2330"]
[BlackElo "2435"]
[EventDate "1972.03.20"]
[PlyCount "135"]
[Source "Perpetual Check"]

1.Nf3 Nf6 2.g3 g6 3.b3 Bg7 4.Bb2 O-O 5.Bg2 d5 6.d3 a5 7.a4 Nc6 8.Nbd2 d4 
9.c3 e5 10.cxd4 exd4 11.O-O Nd5 12.Rc1 Ndb4 13.Nc4 Re8 14.Re1 Be6 15.Qd2 
h6 16.Ba3 b6 17.Red1 Rc8 18.e3 Nd5 19.Bb2 Ndb4 20.exd4 Nxd4 21.Bxd4 Bxd4 
22.Qxh6 Bg4 23.Qf4 Bxf3 24.Qxf3 Re6 25.Ne3 Rf6 26.Qe2 Qe7 27.Be4 Rd8 28.
Re1 Rfd6 29.Qg4 c5 30.h4 Qe6 31.Qd1 Na2 32.Rc4 Nc3 33.Qc2 f5 34.Bf3 Qf6 
35.Kg2 Kg7 36.Rc1 Bxe3 37.fxe3 Nd5 38.Bxd5 Rxd5 39.Rc3 Qd6 40.Rd1 Re8 41.
Qf2 Re4 42.Qf3 Qe5 43.dxe4 fxe4 44.Qf4 Qxf4 45.exf4 Rxd1 46.Re3 Rd2+ 47.
Kf1 Rd4 48.Ke2 Kf6 49.g4 Rb4 50.Rc3 Ke6 51.Rh3 Kf6 52.h5 gxh5 53.gxh5 Kg7 
54.h6+ Kh7 55.f5 b5 56.axb5 Rxb5 57.Kd2 c4 58.bxc4 Rxf5 59.Rc3 Rf2+ 60.Ke1
Rf3 61.Rc2 a4 62.c5 a3 63.c6 a2 64.Rxa2 Rc3 65.Ra6 Kxh6 66.Kd2 Rc4 67.Ke3 
Kg5 68.Ra5+ 1/2-1/2

[Event "15th Bosna it"]
[Site "Sarajevo YUG"]
[Date "1972.03.27"]
[Round "7"]
[White "Petrosian, Tigran"]
[Black "Hort, Vlastimil"]
[Result "1-0"]
[WhiteElo "2640"]
[BlackElo "2605"]
[EventDate "1972.03.20"]
[PlyCount "51"]
[Source "Perpetual Check"]

1.Nf3 c5 2.b3 d5 3.e3 Nf6 4.Bb2 e6 5.c4 Nc6 6.cxd5 exd5 7.Be2 Be7 8.O-O 
O-O 9.d4 Bg4 10.dxc5 Bxc5 11.Nc3 Rc8 12.Rc1 Be7 13.Nd4 Bxe2 14.Ncxe2 Qd7 
15.Nf4 Rfd8 16.Qd3 Ne4 17.Nxc6 bxc6 18.Rc2 Bf8 19.Rfc1 Qb7 20.Qe2 Re8 21.
Qg4 g6 22.Qd1 Bd6 23.Nxd5 Rcd8 24.Rxc6 Bb8 25.f4 Re6 26.Qd4 1-0

[Event "15th Bosna it"]
[Site "Sarajevo YUG"]
[Date "1972.03.27"]
[Round "7"]
[White "Tatai, Stefano"]
[Black "Jansa, Vlastimil"]
[Result "1/2-1/2"]
[WhiteElo "2440"]
[BlackElo "2450"]
[EventDate "1972.03.20"]
[PlyCount "31"]
[Source "Perpetual Check"]

1.e4 e6 2.d4 d5 3.Nd2 c5 4.Ngf3 Nf6 5.exd5 exd5 6.Bb5+ Bd7 7.Qe2+ Be7 8.
O-O O-O 9.dxc5 Re8 10.Nb3 Bxc5 11.Qd3 a6 12.Bxd7 Nbxd7 13.Bg5 Qb6 14.Bxf6 
Nxf6 15.Nxc5 Qxc5 16.Rfe1 1/2-1/2

[Event "15th Bosna it"]
[Site "Sarajevo YUG"]
[Date "1972.03.28"]
[Round "8"]
[White "Minic, Dragoljub"]
[Black "Vukic, Milan"]
[Result "1/2-1/2"]
[WhiteElo "2490"]
[BlackElo "2430"]
[EventDate "1972.03.20"]
[PlyCount "120"]
[Source "Perpetual Check"]

1.e4 c6 2.d4 d5 3.exd5 cxd5 4.c4 Nf6 5.Nc3 g6 6.cxd5 Nxd5 7.Bb5+ Bd7 8.Qb3
Nb6 9.Nf3 Bg7 10.a4 a5 11.Bxd7+ N8xd7 12.O-O O-O 13.Bf4 Nf6 14.Be5 Ra6 15.
Rfe1 Nfd5 16.Bxg7 Kxg7 17.Rac1 e6 18.Nb5 Nd7 19.Ne5 Nxe5 20.dxe5 Rc6 21.
Rxc6 bxc6 22.Nd6 Qc7 23.Rc1 Rb8 24.Qf3 Kg8 25.g3 f5 26.Qe2 Rb4 27.Qa6 Ne7 
28.Rc5 Rxb2 29.Qc4 Nd5 30.Rxc6 Qa7 31.Qc5 Qxc5 32.Rxc5 f4 33.Kg2 fxg3 34.
hxg3 Nb6 35.Rxa5 Ra2 36.Ra6 Nxa4 37.Ra8+ Kg7 38.Ra7+ Kf8 39.Rxh7 Nc5 40.
Rf7+ Kg8 41.Rf6 Re2 42.Rxg6+ Kh7 43.Rg5 Nd3 44.Kf3 Rxe5 45.Rxe5 Nxe5+ 46.
Ke4 Nd7 47.Kf4 Kg6 48.Nc4 Kf6 49.Kg4 Kg6 50.Kh4 Kf5 51.g4+ Kf4 52.g5 Nf8 
53.Kh5 e5 54.Ne3 Kf3 55.Ng4 e4 56.Nf6 Ne6 57.g6 Nf4+ 58.Kh6 Nxg6 59.Kxg6 
Kxf2 60.Nxe4+ Ke3 1/2-1/2

[Event "15th Bosna it"]
[Site "Sarajevo YUG"]
[Date "1972.03.28"]
[Round "8"]
[White "Jansa, Vlastimil"]
[Black "Rajkovic, Dusan"]
[Result "1/2-1/2"]
[WhiteElo "2450"]
[BlackElo "2410"]
[EventDate "1972.03.20"]
[PlyCount "107"]
[Source "Perpetual Check"]

1.e4 c5 2.Nf3 Nc6 3.d4 cxd4 4.Nxd4 e6 5.Nb5 d6 6.c4 Nf6 7.N1c3 a6 8.Na3 
Be7 9.Be2 O-O 10.O-O b6 11.Be3 Bb7 12.Rc1 Ne5 13.Qd4 Qc7 14.f3 Ned7 15.
Rfd1 Rac8 16.Qd2 Qb8 17.Kh1 Rfe8 18.Bf1 h6 19.Nc2 Bf8 20.Bf4 Ne5 21.Qd4 
Nxf3 22.gxf3 e5 23.Qxb6 exf4 24.Qd4 Re5 25.Qd2 Nh5 26.Nd4 Rce8 27.Nd5 g6 
28.Bh3 Bg7 29.Bd7 Rf8 30.Rc2 Qd8 31.Bg4 Nf6 32.Qxf4 Nxg4 33.Qxg4 Rh5 34.
Rg2 Bc8 35.Qxc8 Qxc8 36.Ne7+ Kh7 37.Nxc8 Rxc8 38.b3 Be5 39.Rgd2 Rh3 40.Rf1
Bf4 41.Rg2 a5 42.Ne2 Be3 43.Nc3 Bc5 44.Nd5 Kg7 45.Re2 Rh5 46.f4 Rh3 47.Rd1
Re8 48.Kg2 Rh5 49.Rde1 f6 50.Kg3 g5 51.h3 Kf7 52.Rf1 Bd4 53.Kg2 Rg8 54.Rf3
1/2-1/2

[Event "15th Bosna it"]
[Site "Sarajevo YUG"]
[Date "1972.03.28"]
[Round "8"]
[White "Bogdanovic, Rajko"]
[Black "Petrosian, Tigran"]
[Result "0-1"]
[WhiteElo "2435"]
[BlackElo "2640"]
[EventDate "1972.03.20"]
[PlyCount "74"]
[Source "Perpetual Check"]

1.e4 e6 2.d4 d5 3.Nc3 Bb4 4.e5 b6 5.Qg4 Bf8 6.a3 Ne7 7.Nf3 Qd7 8.b4 c6 9.
Rb1 Nf5 10.Bd3 Ba6 11.b5 cxb5 12.Nxb5 Nc6 13.O-O h5 14.Qf4 g6 15.h4 Be7 
16.g3 Kf8 17.Rd1 Rc8 18.Kg2 Na5 19.a4 Nc4 20.Nd2 Bb7 21.Nxc4 dxc4+ 22.Be4 
Kg7 23.Nc3 Rhd8 24.a5 Bxe4+ 25.Qxe4 bxa5 26.d5 exd5 27.Rxd5 Qe6 28.Bg5 
Rxd5 29.Qxd5 Bxg5 30.hxg5 Re8 31.Qxe6 Rxe6 32.f4 Rb6 33.Ra1 Rb2 34.Nd5 
Rxc2+ 35.Kf3 Nd4+ 36.Ke4 Nb3 37.Ra4 Nc5+ 0-1

[Event "15th Bosna it"]
[Site "Sarajevo YUG"]
[Date "1972.03.28"]
[Round "8"]
[White "Matulovic, Milan"]
[Black "Gasic, Bozidar"]
[Result "0-1"]
[WhiteElo "2530"]
[BlackElo "2330"]
[EventDate "1972.03.20"]
[PlyCount "76"]
[Source "Perpetual Check"]

1.e4 c5 2.Nf3 d6 3.d4 cxd4 4.Nxd4 Nf6 5.Nc3 a6 6.Bg5 e6 7.f4 Nbd7 8.Qf3 
Qc7 9.O-O-O b5 10.e5 Bb7 11.Qh3 dxe5 12.Nxe6 fxe6 13.Qxe6+ Be7 14.Bxb5 
axb5 15.Nxb5 Qc6 16.Nd6+ Kd8 17.fxe5 Nd5 18.Bxe7+ Nxe7 19.Nxb7+ Qxb7 20.
Rxd7+ Qxd7 21.Rd1 Ra7 22.Qb6+ Kc8 23.Rxd7 Rxd7 24.Qa6+ Kb8 25.Qb6+ Rb7 26.
Qd6+ Ka8 27.Qa3+ Ra7 28.Qf3+ Kb8 29.Qb3+ Rb7 30.Qc4 Ng6 31.e6 Re8 32.b4 
Nf8 33.b5 Nxe6 34.a4 Rc7 35.Qh4 h6 36.a5 Rec8 37.Qg3 Nd4 38.b6 Ne2+ 0-1

[Event "15th Bosna it"]
[Site "Sarajevo YUG"]
[Date "1972.03.30"]
[Round "9"]
[White "Gasic, Bozidar"]
[Black "Keres, Paul"]
[Result "0-1"]
[WhiteElo "2330"]
[BlackElo "2615"]
[EventDate "1972.03.20"]
[PlyCount "78"]
[Source "Perpetual Check"]

1.d4 Nf6 2.Nf3 c5 3.e3 d5 4.b3 cxd4 5.exd4 Nc6 6.Bb2 Bg4 7.Nbd2 e6 8.Bd3 
Bd6 9.h3 Bh5 10.O-O O-O 11.Re1 Nb4 12.g4 Nxd3 13.cxd3 Bg6 14.Ne5 Nd7 15.
Nxg6 hxg6 16.Nf3 Re8 17.Ne5 Nf8 18.Kg2 g5 19.Bc1 Rc8 20.Bd2 f6 21.Nf3 Ng6 
22.Rc1 Qd7 23.Re2 Ba3 24.Rxc8 Rxc8 25.Be3 Qc7 26.Bd2 Bc1 27.Be3 Ba3 28.Bd2
Kf7 29.Qe1 Bc1 30.Be3 Qc3 31.Qd1 Rc6 32.Re1 Ba3 33.Kf1 Qa5 34.Bxg5 fxg5 
35.Nxg5+ Kf6 36.Rxe6+ Kxg5 37.Qf3 Rc1+ 38.Kg2 Nh4+ 39.Kg3 Rg1+ 0-1